header

The coasts of Carolina (Record no. 238691)

MARC details
000 -LEADER
fixed length control field 01655nam a2200397Ia 4500
082 04 - DEWEY DECIMAL CLASSIFICATION NUMBER
Classification number 975.6/1
100 1# - MAIN ENTRY--AUTHOR NAME
Personal name Simpson, Bland.
245 14 - TITLE STATEMENT
Title The coasts of Carolina
260 ## - PUBLICATION, DISTRIBUTION, ETC. (IMPRINT)
Place of publication Chapel Hill :
Name of publisher University of North Carolina Press,
Year of publication c2010.
300 ## - PHYSICAL DESCRIPTION
Number of Pages x, 140 p. :
Other physical details ill.
650 #0 - SUBJECT ADDED ENTRY--TOPICAL TERM
Topical Term Coasts
Topical Term Sounds (Geomorphology)
Topical Term Barrier islands
Topical Term Natural history
Topical Term Fishing
Topical Term Community life
700 1# - ADDED ENTRY--PERSONAL NAME
Personal name Taylor, Scott,
856 40 - ELECTRONIC LOCATION AND ACCESS
Uniform Resource Identifier http://site.ebrary.com/lib/rucke/Doc?id=10425442

No items available.

© 2026 Rongo University
Contact us: librarian | system librarian | Rongo university